000 00462nam a22001577a 4500
005 20251121115708.0
008 251121b |||||||| |||| 00| 0 eng d
020 _a979-8-88715-072-7
100 _aKUMAR, ALOK
245 _aHANDBOOK OF FORESTS AND FORESTRY
260 _aDUBLIN
_bORYSON PRESS
_c2023
300 _aV, 279P.
500 _aINCLUDES INDEX
650 _a1. FORESTS AND FORESTRY 2. FORESTS AND FORESTRY - HANDBOOKS, MANUALS ETC
942 _2lcc
_cBK
999 _c216253
_d216253